Giallo e oltre: dal poliziesco al brivido (Record n. 83678)
[ formato base ]
| 000 -LEADER | |
|---|---|
| fixed length control field | 01465nam a2200289Ia 4500 |
| 001 - CONTROL NUMBER | |
| control field | C7488 |
| 003 - CONTROL NUMBER IDENTIFIER | |
| control field | IT-RoPAU |
| 008 - FIXED-LENGTH DATA ELEMENTS--GENERAL INFORMATION | |
| fixed length control field | 130308s9999 xx 000 0 und d |
| 040 ## - CATALOGING SOURCE | |
| Original cataloging agency | IT-RoPAU |
| 040 ## - CATALOGING SOURCE | |
| Transcribing agency | IT-RoPAU |
| 041 ## - LANGUAGE CODE | |
| Language code of text/sound track or separate title | ITALIANO |
| 100 ## - MAIN ENTRY--PERSONAL NAME | |
| Personal name | Cuciniello Luigi |
| 100 ## - MAIN ENTRY--PERSONAL NAME | |
| Miscellaneous information | Codice Aut. SPICS: 24074 |
| 245 ## - TITLE STATEMENT | |
| Title | Giallo e oltre: dal poliziesco al brivido |
| 245 ## - TITLE STATEMENT | |
| Remainder of title | Capolavori raccontano un Secolo di Cinema (I) |
| 250 ## - EDITION STATEMENT | |
| Edition statement | 1a ed. |
| 260 ## - PUBLICATION, DISTRIBUTION, ETC. (IMPRINT) | |
| Place of publication, distribution, etc. | ALBA |
| 260 ## - PUBLICATION, DISTRIBUTION, ETC. (IMPRINT) | |
| Name of publisher, distributor, etc. | Periodici San Paolo |
| 260 ## - PUBLICATION, DISTRIBUTION, ETC. (IMPRINT) | |
| Date of publication, distribution, etc. | 1994 [1° Ed.:1994 - Ed.Ling.Originale:1994] |
| 300 ## - PHYSICAL DESCRIPTION | |
| Extent | "16 p. (prefazione: no ; testo: 16 [pagine: 37-52])" |
| 500 ## - GENERAL NOTE | |
| General note | Fabbrica delle Emozioni: nato con Intenti di Intrattenimento, Il Genere giallo poliziesco nelle Diverse Derivazioni è Diventato Uno dei veicoli privilegiati per Esprimere tensioni Pubbliche e Private. Schede e Note Critichedei Film: Il mistero del Falco (1941) di John Huston, Il terzo Uomo (1949)Di Carol Reed, la Finestra Sul cortile (1954) di Alfred Hitchcock, Agente 007 missione Goldfinger (1964) di Guy Hamilton, Il Padrino (1971) di Francis Ford Coppola, Assassinio Sull'Orient Express (1974) di Sidney Lumet, gli Intoccabili (1987) di Brian De Palma. Note biografiche su Alfred Hitchcock Il Re del Brivido. Fritz Lang Il pittore del Nero. Agata Christie la signora del Giallo. |
| 650 ## - SUBJECT ADDED ENTRY--TOPICAL TERM | |
| Topical term or geographic name as entry element | GENERI CINEMATOGRAFICI |
| 650 ## - SUBJECT ADDED ENTRY--TOPICAL TERM | |
| Relator term | Codice materia Spics: 6810 |
| 942 ## - ADDED ENTRY ELEMENTS (KOHA) | |
| Koha item type | LIBRO |
| 957 ## - | |
| -- | 1 |
| 999 ## - SYSTEM CONTROL NUMBERS (KOHA) | |
| -- | 1 |
| Withdrawn status | Lost status | Damaged status | Not for loan | Home library | Current library | Date acquired | Total Checkouts | Full call number | Date last seen | Price effective from | Koha item type | Public note |
|---|---|---|---|---|---|---|---|---|---|---|---|---|
| Buone Condizioni | Not For Loan | SPICS-MEDIATECA | SPICS-MEDIATECA | 08/03/2013 | C7488 | 08/03/2013 | 08/03/2013 | LIBRO | Progressivo inserimento: 39089 / N. Volumi: 0 [=Contributo] Copie: 1 / data import: 1 marzo 2013 - By Epidotti, Trombetti, Vaglietti. |